LEADER 03544oam 22006134a 450 001 9910777479903321 005 20230724233639.0 010 $a0-295-80332-0 010 $a0-295-98067-2 035 $a(CKB)1000000000442168 035 $a(EBL)4305917 035 $a(SSID)ssj0000119552 035 $a(PQKBManifestationID)12000579 035 $a(PQKBTitleCode)TC0000119552 035 $a(PQKBWorkID)10074018 035 $a(PQKB)10239324 035 $a(MiAaPQ)EBC4305917 035 $a(Au-PeEL)EBL4305917 035 $a(CaPaEBR)ebr11137282 035 $a(OCoLC)934197510 035 $a(OCoLC)1287098789 035 $a(MdBmJHUP)musev2_81541 035 $a(EXLCZ)991000000000442168 100 $a19970409d1997 uy 0 101 0 $aeng 135 $aur|n|---||||| 181 $ctxt$2rdacontent 182 $cc$2rdamedia 183 $acr$2rdacarrier 200 04$aThe challenge of fetal alcohol syndrome $eovercoming secondary disabilities /$fedited by Ann Streissguth and Jonathan Kanter ; foreword by Mike Lowry ; introduction by Michael Dorris 210 1$cUniversity of Washington Press,$aSeattle :$d1997. 215 $a1 online resource (279 pages) $cillustrations 225 1 $aJessie and John Danz Lectures 311 0 $a0-295-97650-0 320 $aIncludes bibliographical references (p. 221-234) and index. 327 $aCover ; Title ; Copyright ; Contents ; Foreword; Preface; Acknowledgments; Introduction; Neurobehavioral and Neuroanatomical Effects of Heavy Prenatal Exposure to Alcohol; Children of Alcoholic Mothers: Results from Goteborg, Sweden; Primary and Secondary Disabilities in Fetal Alcohol Syndrome; Development of the FAS Diagnostic and Prevention Network in Washington State; Assessment and Treatment of an Adult with FAS: Neuropsychological and Behavioral Considerations; A Study of Stimulant Medication in Children with FAS; A Demonstration Classroom for Young Children with FAS 327 $aA National Survey of State Directors of Special Education Concerning Students with FAS; Case Managers and Independent Living Instructors: Practical Hints and Suggestions for Adults with FAS; An Advocacy Program for Mothers with FAS/FAE; FAS and the Social Security Disability Process: Navigating the System; Representing the FAS Client in a Criminal Case; A Judicial Perspective on FAS: Memories of the Making of Nanook of the North; Legal Issues and FAS; FAS: Preventing and Treating Sexual Deviancy; Parent Advocacy in FAS Public Policy Change 327 $aSpider Web Walking: Hope for Children with FAS Through Understanding; Residential Programs for Persons with FAS: Programming and Economics; Public Health Implications of FAS; Rapporteur's Report: A Summary of the Conference; References; Authors' Affiliations; Author Index; Subject Index 410 0$aJessie and John Danz Lectures 606 $aFetal alcohol spectrum disorders$xComplications 606 $aChildren of prenatal alcohol abuse$xServices for 606 $aChildren of prenatal alcohol abuse$xDevelopment 615 0$aFetal alcohol spectrum disorders$xComplications. 615 0$aChildren of prenatal alcohol abuse$xServices for. 615 0$aChildren of prenatal alcohol abuse$xDevelopment. 676 $a618.3/268 701 $aKanter$b Jonathan$01565163 701 $aStreissguth$b Ann Pytkowicz$01565164 801 0$bMdBmJHUP 801 1$bMdBmJHUP 906 $aBOOK 912 $a9910777479903321 996 $aThe challenge of fetal alcohol syndrome$93834583 997 $aUNINA LEADER 03246nam 22005415 450 001 9910255252603321 005 20251030101932.0 010 $a1-137-44541-6 024 7 $a10.1057/978-1-137-44541-4 035 $a(CKB)3710000000894776 035 $a(DE-He213)978-1-137-44541-4 035 $a(MiAaPQ)EBC4756459 035 $a(Perlego)3487460 035 $a(MiAaPQ)EBC6237232 035 $a(EXLCZ)993710000000894776 100 $a20161007d2016 u| 0 101 0 $aeng 135 $aurnn|008mamaa 181 $ctxt$2rdacontent 182 $cc$2rdamedia 183 $acr$2rdacarrier 200 10$a'Brave New World': Contexts and Legacies /$fedited by Jonathan Greenberg, Nathan Waddell 205 $a1st ed. 2016. 210 1$aLondon :$cPalgrave Macmillan UK :$cImprint: Palgrave Macmillan,$d2016. 215 $a1 online resource (XXIII, 254 p. 3 illus., 1 illus. in color.) 311 08$a1-137-44540-8 320 $aIncludes bibliographical references and index. 327 $aIntroduction -- 1. Brave New World as a Modern Utopia -- 2. Signs of the T -- 3. ?That Learning Were Such a Filthy Thing' -- 4. The Pleasures of Dystopia -- 5. Huxley and Reproduction -- 6. What Huxley Got Wrong -- 7. Brave New World and Vanity Fair; Carey Snyder -- 8. The Brave New World of Mothering -- 9. Ethics in the Late Anthropocene -- 10. ?My Hypothetical Islanders? -- 11. ?Words Without Reason?. 330 $aThis collection of essays provides new readings of Huxley?s classic dystopian satire, Brave New World (1932). Leading international scholars consider from new angles the historical contexts in which the book was written and the cultural legacies in which it looms large. The volume affirms Huxley?s prescient critiques of modernity and his continuing relevance to debates about political power, art, and the vexed relationship between nature and humankind. Individual chapters explore connections between Brave New World and the nature of utopia, the 1930s American Technocracy movement, education and social control, pleasure, reproduction, futurology, inter-war periodical networks, motherhood, ethics and the Anthropocene, islands, and the moral life. The volume also includes a ?Foreword? written by David Bradshaw, one of the world?s top Huxley scholars. Timely and consistently illuminating, this collection is essential reading for students, critics, and Huxley enthusiasts alike. . 606 $aLiterature, Modern$y20th century 606 $aComparative literature 606 $aLiterature, Modern$y21st century 606 $aTwentieth-Century Literature 606 $aComparative Literature 606 $aContemporary Literature 615 0$aLiterature, Modern 615 0$aComparative literature. 615 0$aLiterature, Modern 615 14$aTwentieth-Century Literature. 615 24$aComparative Literature. 615 24$aContemporary Literature. 676 $a809.04 702 $aGreenberg$b Jonathan$4edt$4http://id.loc.gov/vocabulary/relators/edt 702 $aWaddell$b Nathan$4edt$4http://id.loc.gov/vocabulary/relators/edt 906 $aBOOK 912 $a9910255252603321 996 $aBrave New World': Contexts and Legacies$92528423 997 $aUNINA